COMPARISON STUDY FOR EXAMINATION OF THE INFORMATION EQUIVALENCY OF THE SAVARD-63 AND THE LUX-192 LEAD SYSTEMS

Bibliographic Details
Main Authors: Gy., Sándor (Author), Pintér, A. (Author), Gy., Kozmann (Author), Préda, I. (Author), Medvegy, M. (Author), Zs., Cserjés (Author)
Format: Article
Language:English
ISBN:9810233809

MARC

LEADER 00000naa a2200000uu 4500
001 vtls011093646
003 SK-MaSNL
005 20260302110534.0
008 210824|1998 xo |||||||||||||||||eng|
015 |a SNBRA 
035 |a (urnnbn)urn:nbn:sk:snk:ar-a0cshv 
035 |a (uuid)45b43115-7f43-47dc-831c-9c8fa657c2d4 
035 |a urn:nbn:sk:snk-aavy5z 
040 |a SNKBUCL  |b slo  |c SNKBUCL  |e AACR2 
041 0 |a eng 
044 |a xo  |c SK 
100 1 |a Gy., Sándor  |4 aut  |9 786710 
245 1 0 |a COMPARISON STUDY FOR EXAMINATION OF THE INFORMATION EQUIVALENCY OF THE SAVARD-63 AND THE LUX-192 LEAD SYSTEMS  |c GY. SÁNDOR, A. PINTÉR, GY. KOZMANN, I. PRÉDA, M. MEDVEGY, ZS. CSERJÉS 
700 1 |a Pintér, A.  |4 aut  |9 786693 
700 1 |a Gy., Kozmann  |4 aut  |9 782618 
700 1 |a Préda, I.  |4 aut  |9 408281 
700 1 |a Medvegy, M.  |4 aut  |9 786711 
700 1 |a Zs., Cserjés  |4 aut  |9 782617 
773 0 |t Electrocardiology '97 : Bratislava, Slovak Republic, 24-28 June 1997 : proceedings of the 24th International Congress on Electrocardiology  |d Singapore : World Scientific, 1998, 1998  |g S. 202-205  |z 9810233809 
958 |a OND 
958 |a article12 
958 |a chapter 
999 |c 1243813  |d 1245743